00677 2200253 4500001002100000005001700021008004100038020002200079035002400101040001200125082001900137084001900156090001900175100002200194245004400216260002400260300002900284650002800313700001900341850001200360990001700372990001700389990001700406INLIS00000000000022620141007123517.0  a978-0-8048-4315-7 0010-101400000000121 aYOPDYOG aQT 745.4 Tsu S aQT 745.4 Tsu S aQT 745.4 Tsu S aTSUKIORI, Yoshiko aStylish dress book :bwear with freedom aTokyobTuttlec2008 a80 hlmb: ilus. ;c26 cm aPakaian-Desain dan pola aOodan, Machiko aYOPDYOG a8485-PD/B.14 a8486-PD/B.14 a8487-PD/B.14